<?xml version="1.0" encoding="UTF-8"?>
<record
    xmlns:xsi="http://www.w3.org/2001/XMLSchema-instance"
    xsi:schemaLocation="http://www.loc.gov/MARC21/slim http://www.loc.gov/standards/marcxml/schema/MARC21slim.xsd"
    xmlns="http://www.loc.gov/MARC21/slim">

  <leader>00674nam a2200181 a 4500</leader>
  <controlfield tag="001">3122</controlfield>
  <controlfield tag="003">CDMR</controlfield>
  <controlfield tag="005">20131014171005.0</controlfield>
  <controlfield tag="008">130130s1962||||||||||||||||||||||||||||d</controlfield>
  <datafield tag="040" ind1=" " ind2=" ">
    <subfield code="a">CDMR</subfield>
    <subfield code="b">cat</subfield>
    <subfield code="c">CDMR</subfield>
  </datafield>
  <datafield tag="100" ind1="1" ind2=" ">
    <subfield code="a">Comin Colomer, Eduardo</subfield>
    <subfield code="9">2278</subfield>
  </datafield>
  <datafield tag="245" ind1="1" ind2="0">
    <subfield code="a">Peri&#xF3;dicos que fueron</subfield>
    <subfield code="b">: 6 cr&#xF3;nicas publicadas (1945-46) en la Gaceta de la Prensa Espa&#xF1;ola</subfield>
    <subfield code="c">Eduardo Com&#xED;n Colomer</subfield>
  </datafield>
  <datafield tag="260" ind1=" " ind2=" ">
    <subfield code="a">Madrid</subfield>
    <subfield code="c">1962</subfield>
    <subfield code="b">Imp. La Xilogr&#xE1;fica</subfield>
  </datafield>
  <datafield tag="300" ind1=" " ind2=" ">
    <subfield code="a">50 p.</subfield>
  </datafield>
  <datafield tag="500" ind1=" " ind2=" ">
    <subfield code="a">Inclou cr&#xF2;niques sobre: La Gorda, peri&#xF3;dica liberal ; El Combate ; La Gaceta Popular ; El Tiempo ; La &#xC9;poca ; Nuevo Mundo ; Mundo Gr&#xE1;fico</subfield>
  </datafield>
  <datafield tag="650" ind1="0" ind2="4">
    <subfield code="9">468</subfield>
    <subfield code="a">Diaris</subfield>
    <subfield code="z">Espanya</subfield>
  </datafield>
  <datafield tag="942" ind1=" " ind2=" ">
    <subfield code="c">MON</subfield>
    <subfield code="2">udc</subfield>
  </datafield>
  <datafield tag="999" ind1=" " ind2=" ">
    <subfield code="c">3122</subfield>
    <subfield code="d">3122</subfield>
  </datafield>
  <datafield tag="952" ind1=" " ind2=" ">
    <subfield code="0">0</subfield>
    <subfield code="1">0</subfield>
    <subfield code="4">0</subfield>
    <subfield code="7">0</subfield>
    <subfield code="a">CDMR</subfield>
    <subfield code="b">CDMR</subfield>
    <subfield code="d">2013-01-16</subfield>
    <subfield code="l">0</subfield>
    <subfield code="o">Dt 13/47</subfield>
    <subfield code="p">CDMR13108413</subfield>
    <subfield code="r">2013-01-16</subfield>
    <subfield code="w">2013-01-16</subfield>
    <subfield code="y">MON</subfield>
  </datafield>
</record>
